000 01343nam a2200349Ia 4500
001 ebr10310800
003 CaPaEBR
006 m u
007 cr cn|||||||||
008 060125s2008 enk sb 001 0 eng d
020 _z9781845111878 (hbk.)
020 _z1845111877 (hbk.)
040 _aCaPaEBR
_cCaPaEBR
035 _a(OCoLC)429534128
050 1 4 _aKBP144
_b.N377 2008eb
082 0 4 _a340.59
_222
245 0 0 _aNarratives of truth in Islamic law
_h[electronic resource] /
_cedited by Baudouin Dupret, Barbara Drieskens, Annelies Moors.
260 _aLondon :
_bI.B. Tauris,
_c2008.
300 _a382 p.
490 1 _aLibrary of Islamic law ;
_vv. 2
504 _aIncludes bibliographical references and index.
533 _aElectronic reproduction.
_bPalo Alto, Calif. :
_cebrary,
_d2009.
_nAvailable via World Wide Web.
_nAccess may be limited to ebrary affiliated libraries.
650 0 _aTruth
_xReligious aspects
_xIslam.
650 0 _aIslamic law
_vCase studies.
655 7 _aElectronic books.
_2local
700 1 _aDupret, Baudouin.
700 1 _aMoors, Annelies.
700 1 _aDrieskens, Barbara.
710 2 _aebrary, Inc.
830 0 _aLibrary of Islamic law ;
_v2.
856 4 0 _uhttp://site.ebrary.com/lib/rucke/Doc?id=10310800
_zAn electronic book accessible through the World Wide Web; click to view
999 _c175913
_d175913